Statistiken für Ergebnisdiagramm der Fußball-Weltmeisterschaft 1962

Klicken Sie hier um das Quiz zu spielen!

Allgemein

  • Dieses Quiz wurde 305 mal gespielt
  • Das Durchschnittsergebnis liegt bei 11 aus 16

Antworten auf der Karte

Die Antworten werden auf der Karte rot bzw. grün angezeigt, abhängig davon wie oft sie richtig erraten wurden.
 

Antwortstatistiken

Nation% Korrekt
Brasilien
97%
BR Deutschland
89%
Italien
86%
Argentinien
85%
Chile
82%
England
82%
Spanien
76%
Sowjetunion
73%
Jugoslawien
72%
Uruguay
72%
Mexiko
70%
Tschechoslowakei
67%
Ungarn
64%
Schweiz
55%
Kolumbien
36%
Bulgarien
31%

Verteilung der Resultate

Perzentil nach korrekt beantworteten Fragen

Anzahl Personen mit jedem Resultat

Ihre Resultats-Entwicklung

Sie haben dieses Quiz noch nicht gespielt